000 00754cam a2200217 i 4500
005 20260420111357.0
008 250721s2001 jo gr 000 0 ara d
082 1 4 _a415.1
_bف ل ي
100 1 _aفليح، أحمد
_eمؤلف.
245 1 0 _aتطبيقات نحوية /
_cالدكتور احمد فليح.
250 _aالطبعة الاولى.
264 1 _aاربد :
_bالمركز القومي للنشر،
_c2001.
300 _a232 صفحة.
490 0 _aسلسلة دراسات نحوية ؛
_vالرقم 3.
650 1 7 _aاللغة العربية.
650 1 7 _aقواعد اللغة.
650 1 7 _aالأفعال (نحو).
830 0 _aسلسلة دراسات نحوية.
942 _2ddc
_cBK
999 _c32826
_d32826